000 00700nam a22002177a 4500
005 20251108172751.0
008 250721s1992 xx 000 0 ara d
082 1 4 _aم/307.209565/لوز
100 1 _aاللوزي، خالد محمد موسى
_eمؤلف
245 1 0 _aالتكيف الحضري للمهاجرين الريفيين /
264 1 _aعمان :
_c1992.
300 _a350ص.
500 _a/رسائل الماجستير
650 1 7 _aالمجتمعات
650 1 7 _aالهجرة من الريف إلى الحضر
650 1 7 _aتاريخ الأردن
650 1 7 _aالديموغرافيا
650 1 7 _aالهجرة الداخلية
942 _2ddc
_cREF
999 _c87999
_d87999